The handbook for organizational change : Strategy and skill for trainers and developers

Bibliographic Details
Main Author: O'Connor, Carol A.
Format: Book
Published: London : McGraw Hill- Book Co. , 1993
Subjects:

MARC

LEADER 00000cam a2200000 7i4500
001 0000003892
005 20050428.0
020 |a 0077076931 
040 |a INS 
090 0 0 |a HD58.8.   |b O27 1993 
100 1 |a O'Connor, Carol A. 
245 1 4 |a The handbook for organizational change :   |b Strategy and skill for trainers and developers   |c Carol A.O'Connor 
260 |a London :   |b McGraw Hill- Book Co. ,   |c 1993 
300 |a viii, 135p. ;   |c 24.5 cm. 
650 0 0 |a Organizational change 
650 0 0 |a Strategic planning 
999 |a 0000005164   |b BOOK   |c Open Shelf   |e Default branch